The historical development of the art of quantity surveying up to 1800 (Record no. 88319)

MARC details
000 -LEADER
fixed length control field 00661cam a2200217 4500
001 - CONTROL NUMBER
control field D15478
008 - FIXED-LENGTH DATA ELEMENTS--GENERAL INFORMATION
fixed length control field 090401t1974 xxu||||| |||| 00| 0 eng d
035 ## - SYSTEM CONTROL NUMBER
System control number (Sirsi) u23092
041 ## - LANGUAGE CODE
Language code of text/sound track or separate title eng
050 ## - LIBRARY OF CONGRESS CALL NUMBER
Classification number 692.5
100 ## - MAIN ENTRY--PERSONAL NAME
Personal name Flanagan, Roger
245 #4 - TITLE STATEMENT
Title The historical development of the art of quantity surveying up to 1800
260 ## - PUBLICATION, DISTRIBUTION, ETC.
Name of publisher, distributor, etc. Unpublished RICS
Date of publication, distribution, etc. 1974
300 ## - PHYSICAL DESCRIPTION
Extent 20p. bibliog. appendix
350 ## - PRICE (NR) (BK AM CF MU VM SE) [OBSOLETE]
Price 0
520 ## - SUMMARY, ETC.
Summary, etc. Filed in box 1974/15 A; Roger Flanagan, Winner of the Ryde Memorial Prize 1974.
710 ## - ADDED ENTRY--CORPORATE NAME
Corporate name or jurisdiction name as entry element Royal Institution of Chartered Surveyors
9 (RLIN) 4900
710 ## - ADDED ENTRY--CORPORATE NAME
Corporate name or jurisdiction name as entry element Junior Organisation
9 (RLIN) 1081
942 ## - ADDED ENTRY ELEMENTS (KOHA)
Suppress in OPAC 0
948 ## - LOCAL PROCESSING INFORMATION (OCLC); SERIES PART DESIGNATOR (RLIN)
c (OCLC) 04/03/1997
Holdings
Withdrawn status Lost status Source of classification or shelving scheme Damaged status Not for loan Home library Current library Shelving location Date acquired Total Checkouts Full call number Barcode Date last seen Date last checked out Copy number Price effective from Koha item type
    Other/Generic Classification Scheme     London London RICS Boxes 14/09/1999 1 RICS 1974/15 30009557 06/08/2019 08/10/2004 1 06/08/2019 Book
    Other/Generic Classification Scheme     London London RICS Boxes 22/08/1991   RICS 1974/15 30028089 06/08/2019   2 06/08/2019 Reference material